| 000 | 01598cam a2200337 i 4500 | ||
|---|---|---|---|
| 999 |
_c64547 _d64547 |
||
| 001 | 427093 | ||
| 003 | CO-MdFUSB | ||
| 005 | 20180919111845.0 | ||
| 008 | 990525t1998 enka b 001 0 eng d | ||
| 020 | _a028104886X | ||
| 040 |
_aEYM _cCO-MdFUSB _dCO-MdFUSB _dCOI _dDAY _dPTS _bspa _erda |
||
| 041 | _aeng | ||
| 049 | _aPTSS | ||
| 082 |
_224 _aG 220.61 _bG481o |
||
| 100 | 1 |
_aGillingham, S. E. _eautor |
|
| 245 | 1 | 0 |
_aOne Bible, many voices _b: different approaches to biblical studies _c/ Susan E. Gillingham. |
| 264 | 1 |
_aGreat Britain : _bSPCK, _c℗1998 |
|
| 264 | 4 | _c©1998 | |
| 300 |
_axx, 280 páginas : _bilustraciones ; _c24 cm. |
||
| 336 |
_2rdacontent _atexto _btxt |
||
| 337 |
_2rdamedia _asin mediación _bn |
||
| 338 |
_2rdacarrier _avolumen _bnc |
||
| 501 | _aIncluye índice (páginas 271- 280) | ||
| 504 | _aBibliografía (páginas 248- 270) | ||
| 505 | _aParte uno: Pluralidad en la creación de la Biblia -- ¿Una biblioteca bíblica? Las partes más pequeñas del todo mayor -- ¿Una teología bíblica? Dos testamentos, un libro? -- ¿Un corpus bíblico? El cañón y los límites de la fe -- ¿Un texto bíblico? La variedad de versiones -- Parte dos: Pluralidad en la lectura de la Biblia -- Acercamientos teológicos a la Biblia -- Acercamientos históricos a la Biblia -- Acercamientos literarios a la Biblia -- Las muchas voces en los Salmos -- De la teoría a práctica: Lecturas del Salmo 8 | ||
| 630 | 0 | 7 |
_aBiblia _xCrítica, interpretación, etc. |
| 942 | _cBK | ||